Лидарный контроль стратосферы

Podrobná bibliografie
Hlavní autor: Зуев В. В. Владимир Владимирович
Korporativní autor: Российская академия наук (РАН) Сибирское отделение (СО) Институт оптики атмосферы им. В. Е. Зуева (ИОА)
Shrnutí:Излагаются фундаментальные основы дистанционного лазерного зондирования стратосферы. Дано описание структуры, состава, фотохимии, радиационного режима и динамики стратосферы. Рассмотрены основные эффекты взаимодействия лазерного излучения с атмосферой и принципы лазерного зондирования стратосферы. Описаны лидарные методы и аппаратура для определения вертикального распределения аэрозольных параметров, озона, температуры и влажности в стратосфере. Проанализированы и обобщены результаты многолетних исследований проблемы лазерного зондирования стратосферного аэрозольного слоя, озоносферы, влажности и температуры стратосферы, полученные автором в Институте оптики атмосферы СО РАН на созданной под его руководством уникальной Сибирской лидарной станции, дополненные данными исследований, проведенных как в России, так и за рубежом. Монография представляет интерес для специалистов в области лазерного зондирования атмосферы, аэрономии, климатологии и экологии, а также для аспирантов и студентов.
Jazyk:ruština
Vydáno: Новосибирск, Наука, 2004
Témata:
Médium: MixedMaterials Kniha
KOHA link:https://koha.lib.tpu.ru/cgi-bin/koha/opac-detail.pl?biblionumber=70491

MARC

LEADER 00000nam0a2200000 4500
001 70491
005 20231031081441.0
010 |a 5020324191 
035 |a (RuTPU)RU\TPU\book\75053 
090 |a 70491 
100 |a 20041124d2004 k y0rusy50 ca 
101 0 |a rus 
102 |a RU 
105 |a a z 001zy 
200 1 |a Лидарный контроль стратосферы  |f В. В. Зуев  |g СО РАН; Институт оптики атмосферы 
210 |a Новосибирск  |c Наука  |d 2004 
215 |a 306 с.  |c ил. 
320 |a Библиография в конце глав. 
330 |a Излагаются фундаментальные основы дистанционного лазерного зондирования стратосферы. Дано описание структуры, состава, фотохимии, радиационного режима и динамики стратосферы. Рассмотрены основные эффекты взаимодействия лазерного излучения с атмосферой и принципы лазерного зондирования стратосферы. Описаны лидарные методы и аппаратура для определения вертикального распределения аэрозольных параметров, озона, температуры и влажности в стратосфере. Проанализированы и обобщены результаты многолетних исследований проблемы лазерного зондирования стратосферного аэрозольного слоя, озоносферы, влажности и температуры стратосферы, полученные автором в Институте оптики атмосферы СО РАН на созданной под его руководством уникальной Сибирской лидарной станции, дополненные данными исследований, проведенных как в России, так и за рубежом. Монография представляет интерес для специалистов в области лазерного зондирования атмосферы, аэрономии, климатологии и экологии, а также для аспирантов и студентов. 
610 1 |a стратосфера 
610 1 |a лидарный контроль 
610 1 |a лазерная локация 
610 1 |a стратосферный аэрозоль 
610 1 |a дистанционный контроль 
610 1 |a стратосферные газы 
610 1 |a дифференциальное поглощение 
610 1 |a лазерное зондирование 
610 1 |a влажность 
610 1 |a стратосферный озон 
675 |a 551.510.53  |v 3 
700 1 |a Зуев  |b В. В.  |g Владимир Владимирович 
712 0 2 |a Российская академия наук (РАН)  |b Сибирское отделение (СО)  |b Институт оптики атмосферы им. В. Е. Зуева (ИОА)  |c (Томск)  |2 stltpush  |3 (RuTPU)RU\TPU\col\318 
801 1 |a RU  |b 63413507  |c 20041124  |g PSBO 
801 2 |a RU  |b 63413507  |c 20091211  |g PSBO 
942 |c BK 
959 |a 164/20041122  |d 2  |e 0  |f НФ:2